| 000 | 00645nam a2200193Ii 4500 | ||
|---|---|---|---|
| 003 | JO-AjNU | ||
| 008 | 230605s9999||||xx |||||||||||||| ||und|| | ||
| 040 |
_aJO-AjNU _bara _erda _cJO-AjNU |
||
| 041 | _aara | ||
| 050 | 1 | 4 | _aBP173.25.A2846 |
| 100 | 3 |
_aأبو زهرة، محمد, _eauthor _919664 |
|
| 245 | 0 | 0 | _aالمجتمع الإنساني في ظل الإسلام |
| 264 | 3 | 1 | _aد.م: د.ن، د.ت |
| 300 | _a120ص | ||
| 336 |
_atext _btxt _2rdacontent |
||
| 337 |
_aunmediated _bn _2rdamedia |
||
| 338 |
_avolume _bnc _2rdacarrier |
||
| 650 | 4 |
_aالاسلام والمجتمع- الاسلام والاصلاح الاجتماعي _919665 |
|
| 999 |
_aA6528 _c10096 _d10096 |
||